000 00347nam a2200145Ia 4500
008 191201s2013 xx 000 0 und d
082 _a005.10684
_bROS
100 _aROYCE,Walker
245 0 _aSoftware Project Management
250 _a11th IMP
260 _aN. Delhi
_bPearson
_c2013
300 _a406
650 _aB.Tech(CSE)
942 _2ddc
_cBK
999 _c4662
_d4662